Kto Wygrał Mistrzostwa Świata Danego Roku w Piłce nożnej - Statystyki

Ogólne statystyki
  • Ten quiz został rozwiązany 61 razy
  • Średni wynik to 21 z 22
Statystyki odpowiedzi
Zagadnienie Odpowiedź % Poprawnych
MŚ 1966 Anglia
100%
MŚ 2022 Argentyna
100%
MŚ 1986 Argentyna
100%
MŚ 1978 Argentyna
100%
MŚ 2002 Brazylia
100%
MŚ 1970 Brazylia
100%
MŚ 1962 Brazylia
100%
MŚ 2018 Francja
100%
MŚ 1998 Francja
100%
MŚ 2010 Hiszpania
100%
MŚ 2014 Niemcy
100%
MŚ 1990 Niemcy
100%
MŚ 1954 Niemcy
100%
MŚ 1930 Urugwaj
100%
MŚ 2006 Włochy
100%
MŚ 1982 Włochy
100%
MŚ 1934 Włochy
100%
MŚ 1958 Brazylia
94%
MŚ 1994 Brazylia
88%
MŚ 1974 Niemcy
75%
MŚ 1938 Włochy
75%
MŚ 1950 Urugwaj
69%
Nie znaleziono quizów pasujących do podanych kryteriów
Rozkład punktacji
Procent ludzi z każdym wynikiem
Percentyl według liczby udzielonych odpowiedzi
Twoja historia wyników
Nie rozwiązałeś tego quizu